First Class Titanic Passengers' Nationalities - Statistics

General Stats
  • This quiz has been taken 54 times
  • The average score is 13 of 16
Answer Stats
# of First Class Passengers Survival Rate # of First Class Survivors Country % Correct
12 92% 11 France
100%
45 44% 20 United Kingdom
100%
212 67% 141 United States
96%
27 48% 13 Canada
94%
3 100% 3 Germany
94%
3 67% 2 Sweden
94%
3 0% 0 Ireland
91%
2 50% 1 Italy
91%
3 67% 2 Spain
91%
1 100% 1 Belgium
77%
1 0% 0 Austria
74%
1 0% 0 Netherlands
74%
6 100% 6 Switzerland
72%
1 0% 0 Mexico
68%
1 100% 1 Türkiye
45%
3 0% 0 Uruguay
13%
No matching quizzes found
Score Distribution
Percent of People with Each Score
Percentile by Number Answered
Your Score History
You have not taken this quiz